• 首页
  • 本馆介绍
  • 公告通知
  • 最新文献
  • 馆藏检索
  • 电子资源
  • 读者导购
  • 参考咨询
  • 我的图书馆
  • 登录
  • 详细信息显示
  • 放入我的书架
  • 预约/预借图书
  • 作者相关作品
  • 分类相关作品
  • 丛书相关作品
  • 出版社相关作品

书目信息

  • 表格格式
  • 工作单格式
  • 卡片格式
题名:
花舞凤城 梦牵世园
    
 
作者: 刘燕 , 郑青 主编 ;中国插花花艺协会 编著
分册:  
出版信息: 北京   中国林业出版社  2018
页数: 127页
开本: 29cm
丛书名:
单 册:
中图分类: J535.12
科图分类:
主题词: 插花--装饰美术--世界--图集
电子资源:
ISBN: 978-7-5038-9554-8
000 01167nam0 2200265 450
001 2373103822
005 20231129201838.17
010    @a978-7-5038-9554-8@dCNY108.00
100    @a20181012d2018 em y0chiy0120 ea
101 0  @achi
102    @aCN@b110000
105    @aa z 000yy
200 1  @a花舞凤城 梦牵世园@9hua wu feng cheng meng qian shi yuan@b专著@e2016唐山世界园艺博览会国际插花花艺展赛作品集@f中国插花花艺协会编著
210    @a北京@c中国林业出版社@d2018
215    @a127页@d29cm
314    @a主编:刘燕、郑青
330    @a本书收录了2016唐山世界园艺博览会期间由中国插花花艺协会承办的国际插花花艺展赛作品,共计130余件/组,这些作品从中国传统插花、国际大型花艺、生活插花花艺、婚庆插花花艺等角度,阐释了“花舞凤城 梦牵世园”的展赛主题。
517 1  @a2016唐山世界园艺博览会国际插花花艺展赛作品集@92016 tang shan shi jie yuan yi bo lan hui guo ji cha hua hua yi zhan sai zuo pin ji
606 0  @a插花@x装饰美术@y世界@j图集
690    @aJ535.12@v5
701  0 @a刘燕@9liu yan@4主编
701  0 @a郑青@9zheng qing@4主编
712 02 @a中国插花花艺协会@9zhong guo cha hua hua yi xie hui@4编著
801  2 @aCN@b58marc.cn@c20181016
905    @aBZT@dJ535.12@e14
    
    花舞凤城 梦牵世园:2016唐山世界园艺博览会国际插花花艺展赛作品集/中国插花花艺协会编著.-北京:中国林业出版社,2018
    127页;29cm
    
    
    ISBN 978-7-5038-9554-8:CNY108.00
    本书收录了2016唐山世界园艺博览会期间由中国插花花艺协会承办的国际插花花艺展赛作品,共计130余件/组,这些作品从中国传统插花、国际大型花艺、生活插花花艺、婚庆插花花艺等角度,阐释了“花舞凤城 梦牵世园”的展赛主题。
●
相关链接 在五车中查询图书 在当当中查询图书 在豆瓣中查询图书


正题名:花舞凤城 梦牵世园     索取号:J535.12/14         预约/预借

序号 登录号 条形码 馆藏地/架位号 状态 备注
1 2001191287   2001191287   东辅楼二楼书库/ [索取号:J535.12/14] 在馆    
2 2001191288   2001191288   东辅楼二楼书库/ [索取号:J535.12/14] 在馆    
3 2001191289   2001191289   东辅楼二楼书库/ [索取号:J535.12/14] 在馆    
4 2001191290   2001191290   东辅楼二楼书库/ [索取号:J535.12/14] 在馆    
5 2001191291   2001191291   东辅楼二楼书库/ [索取号:J535.12/14] 在馆    
6 2001191292   2001191292   东辅楼二楼书库/ [索取号:J535.12/14] 在馆    
7 2001191293   2001191293   东辅楼二楼书库/ [索取号:J535.12/14] 在馆    
8 2001191294   2001191294   东辅楼二楼书库/ [索取号:J535.12/14] 在馆    
9 2001191295   2001191295   东辅楼二楼书库/ [索取号:J535.12/14] 在馆    
10 2001191296   2001191296   东辅楼二楼书库/ [索取号:J535.12/14] 在馆    
11 2001191297   2001191297   东辅楼二楼书库/ [索取号:J535.12/14] 在馆    
12 2001191298   2001191298   东辅楼二楼书库/ [索取号:J535.12/14] 在馆    
13 2001191299   2001191299   东辅楼二楼书库/ [索取号:J535.12/14] 在馆    
14 2001191300   2001191300   东辅楼二楼书库/ [索取号:J535.12/14] 在馆    
15 2001191301   2001191301   东辅楼二楼书库/ [索取号:J535.12/14] 在馆    
16 2001191302   2001191302   东辅楼二楼书库/ [索取号:J535.12/14] 在馆    
17 2001191303   2001191303   东辅楼二楼书库/ [索取号:J535.12/14] 在馆    
18 2001191304   2001191304   东辅楼二楼书库/ [索取号:J535.12/14] 在馆    
19 2001191305   2001191305   东辅楼二楼书库/ [索取号:J535.12/14] 在馆    
20 2001191306   2001191306   东辅楼二楼书库/ [索取号:J535.12/14] 在馆    
21 2001191307   2001191307   东辅楼二楼书库/ [索取号:J535.12/14] 在馆    
22 2001191308   2001191308   东辅楼二楼书库/ [索取号:J535.12/14] 在馆    
23 2001191309   2001191309   东辅楼二楼书库/ [索取号:J535.12/14] 在馆    
24 2001191310   2001191310   东辅楼二楼书库/ [索取号:J535.12/14] 在馆    
25 2001191311   2001191311   东辅楼二楼书库/ [索取号:J535.12/14] 在馆    
26 2001191312   2001191312   东辅楼二楼书库/ [索取号:J535.12/14] 在馆    
27 2001191313   2001191313   东辅楼二楼书库/ [索取号:J535.12/14] 在馆    
28 2001191314   2001191314   东辅楼二楼书库/ [索取号:J535.12/14] 在馆    
29 2001191315   2001191315   东辅楼二楼书库/ [索取号:J535.12/14] 在馆    
30 2001191316   2001191316   东辅楼二楼书库/ [索取号:J535.12/14] 在馆    
山东省滨州职业学院图书馆 欢迎您!
大连网信软件有限公司© 版权所有